000 00767nam a2200253 a 4500
001 59792
003 BD-RjUL
005 20211209080753.0
008 721128s19571952enk 001 0 eng
035 _a(BD-RjUL) 59916
035 _a(BD-RjUL)
040 _aDLC
_cODaWU
_dDLC
_dBD-RjUL
_beng
041 _aeng
082 _223
_a352.073
_bLAG 1957
100 1 _aLancaster, Lane W.,
_d1892-
_9177945
245 1 0 _aGovernment in rural America /
_cLane W.Lancaster,
250 _a2d ed.
260 _aNew York :
_bVan Nostrand,
_c1952 [reprinted1957]
300 _axi, 375 p. ;
_c20 cm.
490 0 _aVan Nostrand political science series
650 0 _aLocal government
_zUnited States.
_9171731
856 _3Van Nostrand political science series
942 _2ddc
_cBK
999 _c59792
_d59792